000 00656nam a22001937a 4500
005 20251108175541.0
008 250721s2016 xx 000 0 ara d
082 1 4 _a302.2/فرج
100 1 _aفرجاني، علي
245 1 0 _aمهارات المراسل التلفزيوني و فن صناعة التقارير الاخبارية /
264 1 _aعمان :
_bدار أمجد للنشر و التوزيع،
_c2016.
300 _a452ص.
650 1 7 _aوسائل الاتصال الجماهيري
650 1 7 _aالاعلام
650 1 7 _aالتلفاز
650 1 7 _aالتقارير الاخبارية
942 _2ddc
_cBK
999 _c136749
_d136749